000
00303nam a22001337a 4500
008
170824b xxu||||| |||| 00| 0 eng d
020
_a
9780130166371
041
_a
eng
080
_2
2ND
_a
51
100
_a
38
101
_a
MAT
245
_a
BEGINNING & INTERMEDIATE ALGEBRA
_c
GAY,K.E
942
_2
udc
_c
BK
999
_c
24795
_d
24795